000 01047nam a22003257a 4500
001 BR2012004869
003 BR-BrBNA
005 20230928104024.0
007 ta
008 230509b bl.||||| |||| 00| 0 por d
040 _aBR-BrBNA
_bpor
_cBiblioteca Nacional de Agricultura
041 _a(Por)
072 _aH10
_b1850
_b4020
090 _ 1850 BR2012004869
100 1 _aMoscardini, V.F.
110 1 _aUniversidade Federal de Lavras, MG (Brasil)
_0Tese (Mestrado)
245 1 _aInfluência da aplicação de inseticidas no desenvolvimento, sobrevivência e crescimento populacional de Orius insidiosus (SWAY, 1832)(Hemiptera: Anthocoridae)em laboratório
260 3 _aLavras, MG (Brasil):
_c2012.
300 _a65 p.
500 _aSummaries (Eng, Por); Bibliography p. 54-65; 5 illus.
650 _aTOMATE
650 _aTRAÇA
650 _aORIUS INSIDIOSUS
650 _aHEMIPTERO
650 _aINSETICIDA
650 _aCRIAÇÃO MASSAL
650 _aLABORATÓRIO
909 _a202309
_bLucia
_c55
_dLucia Elande
942 _cBK
999 _c77733
_d77733